ბათუმის შოთა რუსთაველის სახელმწიფო უნივერსიტეტის ბიბლიოთეკა

Learning Radiology. Recognizing the Basis. (ბიბ.ჩანაწერი № 45352)

000 -LEADER
fixed length control field 00519nam a2200217Ia 4500
001 - CONTROL NUMBER
control field 12176
003 - CONTROL NUMBER IDENTIFIER
control field GE_BSU
008 - FIXED-LENGTH DATA ELEMENTS--GENERAL INFORMATION
fixed length control field 181216s||||||||xx |||||||||||||| ||und||
020 ## - INTERNATIONAL STANDARD BOOK NUMBER
International Standard Book Number 9780323074445
040 ## - CATALOGING SOURCE
Transcribing agency GE_BSU
080 ## - UNIVERSAL DECIMAL CLASSIFICATION NUMBER
Universal Decimal Classification number 616.07
100 ## - MAIN ENTRY--PERSONAL NAME
Personal name Herring,William
245 ## - TITLE STATEMENT
Title Learning Radiology. Recognizing the Basis.
260 ## - PUBLICATION, DISTRIBUTION, ETC.
Place of publication, distribution, etc. Philadelphia
260 ## - PUBLICATION, DISTRIBUTION, ETC.
Name of publisher, distributor, etc. Elsevier
260 ## - PUBLICATION, DISTRIBUTION, ETC.
Date of publication, distribution, etc. 2012
300 ## - PHYSICAL DESCRIPTION
Extent 318p.Ill.28cm.
653 ## - INDEX TERM--UNCONTROLLED
Uncontrolled term Learning Radiology. Recognizing the Basis
942 ## - ADDED ENTRY ELEMENTS (KOHA)
Koha item type წიგნი
ეგზემპლარები
Withdrawn status Lost status Damaged status Not for loan Date acquired Barcode Date last seen Price effective from Koha item type
        2018-12-17 36076 2018-12-17 2018-12-17 წიგნი
        2018-12-17 36077 2018-12-17 2018-12-17 წიგნი
        2018-12-17 36078 2018-12-17 2018-12-17 წიგნი